000 00959nam a2200265 i 4500
001 6915
003 ES-MaACL
005 20230906145124.0
007 t|
008 900712s1987 sp ||||1| spa d
020 _a84-345-8457-3
080 _a539.1
245 0 0 _aFisica nuclear.
260 _aBarcelona :
_bSalvat,
_cD.L. 1987.
300 _aIX, 244 p. :
_bil. ;
_c19 cm.
490 1 _aBiblioteca científica Salvat ;
_v96
500 _aPrecede al tit.: Academia Norteamericana de Ciencias.
500 _aInforme emitido por la Comision de Fisica Nuclear del Comite de Seguimiento de la Fisica. Consejo Nacional de Investigacion (Estados Unidos)
504 _aBibliogr.: p. 227-228.
650 1 4 _aFísica nuclear.
_912888
710 1 _aNational Research Council (Washington).
_bNuclear Physics Panel.
_95976
830 0 _aBiblioteca científica Salvat ;
_v96
_9177703
852 _aES-MaACL
_jL-14176
_bR.117764
_z. - rust.
999 _c6915
_d6915